000 00581nam a22001817a 4500
999 _c191418
_d191418
005 20220825155838.0
010 _aENG-134658
020 _c990.00
_a9788192799933
035 _aEN-118190
037 _bDBAD/PUB
082 _a309.173092
100 _aReddy, V. Rami
245 _aFoundations of Physical Anthropology and Human Evolution/
_cV. Rami Reddy
260 _aAndhra Pradesh
_bV. Indira
_c2018
270 _a8-30, opp. Vidyanagar, SVUNT Colony,
_bTirupati
_e517502
300 _axi, 247p.
_bBibliography
_c22cm(pbk)
942 _2ddc
_cEN
_h309.173092
_mRED